La vraie religion selon Pascal (Record no. 148906)

MARC details
000 -LEADER
campo de control de longitud fija 00724nam a2200181 i 4500
001 - NÚMERO DE CONTROL
campo de control 148906
003 - IDENTIFICADOR DE NÚMERO DE CONTROL
campo de control ES-MaACL
005 - FECHA Y HORA DE LA ÚLTIMA TRANSACCIÓN
campo de control 20250714063721.0
007 - CAMPO FIJO DE DESCRIPCIÓN FÍSICA--INFORMACIÓN GENERAL
campo de control de longitud fija t|
008 - DATOS DE LONGITUD FIJA--INFORMACIÓN GENERAL
campo de control de longitud fija 070214s1905 fr |||| | fre d
100 1# - ENTRADA PRINCIPAL--NOMBRE DE PERSONA
Nombre de persona Sully Prudhomme.
9 (RLIN) 108764
245 13 - MENCIÓN DEL TÍTULO
Título La vraie religion selon Pascal
Resto del título : recherche de l'ordonnance purement logique de ses Pensées relatives áa la religion ; suivie d'une analyse du "Discours sur les passions de l'amour" /
Mención de responsabilidad, etc. par Sully Prudhomme,...
260 ## - PUBLICACIÓN, DISTRIBUCIÓN, ETC.
Lugar de publicación, distribución, etc. Paris :
Nombre del editor, distribuidor, etc. Félix Alcan,
Fecha de publicación, distribución, etc. 1905 (
Lugar de fabricación/manufactura Coulommiers :
Fabricante Paul Brodard)
300 ## - DESCRIPCIÓN FÍSICA
Extensión X, 444 p. ;
Dimensiones 22 cm.
600 14 - PUNTO DE ACCESO ADICIONAL DE MATERIA--NOMBRE DE PERSONA
Nombre de persona Pascal, Blaise,
Fechas asociadas al nombre 1623-1662-
Subdivisión general Crítica e interpretación
9 (RLIN) 89308
852 ## - LOCALIZACIÓN
Ubicación ES-MaACL
Número de control de estantería B-5582
Holdings
Estatus retirado Estado de pérdida Estado de daño No para préstamo Biblioteca de origen Biblioteca actual Ubicación en estantería Fecha de adquisición Fuente de adquisición Total de préstamos Signatura topográfica completa Código de barras Visto por última vez Precio de reemplazo Tipo de ítem Koha
        Biblioteca del Ateneo de Madrid Biblioteca del Ateneo de Madrid Sala Pardo Bazán 17/01/2008     B-5582 1155390 23/02/2023 23/02/2023 Libro impreso